| 000 | 02879ngm a22005050a 4500 | ||
|---|---|---|---|
| 001 | PT58494 | ||
| 003 | AR-LpoUNG | ||
| 005 | 20210202000123.0 | ||
| 007 | vd cvaizq | ||
| 008 | 191001s2006||||ag |||||||||||||||||spa d | ||
| 040 |
_aAR-LpoUNG _bspa _cAR-LpoUNG _eaacr |
||
| 041 | _aspa | ||
| 044 | _aag | ||
| 082 | 0 | _a303.64 394v1 | |
| 100 | 1 | _aGetino, Aldo | |
| 245 | 1 | 0 |
_aHistorias del PRT-ERP : _b(1961-1973) |
| 260 |
_a[Buenos Aires] : _bMascaró, _c2006. |
||
| 300 | _aDVD (90 min.) : son., col., byn | ||
| 505 | 0 | _aHecha en 2006. Subtítulos en inglés e italiano. Producción: Mascaró, cine americano. Investigación, guión, producción y realización: Aldo Getino, Laura Lagar, Mónica Simoncini, Omar Neri y Susana Vázquez. | |
| 520 | _aGaviotas Blindadas es una trilogía que refleja la historia del PRT-ERP (Partido Revolucionario de los Trabajadores - Ejército Revolucionario del Pueblo). Con una mirada fresca pero comprometida, se recorren los acontecimientos históricos más importantes de las últimas décadas, desde las primeras luchas en Santiago del Estero y Tucumán hasta la participación de los internacionalistas en Nicaragua a fines de los años 70. Refleja la más grande experiencia de un partido revolucionario desarrollado en la Argentina, a la luz del marxismo-leninismo, que luchó para arrebatarle el poder a la burguesía y cambiar las estructuras políticas, sociales, culturales, económicas y morales. En esta primera parte, el documental refleja los primeros 12 años de trabajo político en la Argentina del PRT junto con los hacheros santiagueños y de la zafra azucarera en Tucumán, con el proletariado en las grandes fábricas, la lucha en los frentes sindicales, culturales, antiimperialistas y legales, como así también la valiosa tarea de prensa, tanto legal como clandestina. El nombre está inspirado en una revista de circulación interna que los presos de PRT en la cárcel de Rawson publicaban clandestinamente. Y es finalmente esta idea, tomada a su vez del poema "La rosa blindada" de Raúl González Tuñón, la que atraviesa el relato de esta película: la belleza y la poesía de la vida, pero armada para pelear por ella. | ||
| 650 | 4 | _aARGENTINA | |
| 650 | 4 | _aASPECTOS POLITICOS | |
| 650 | 4 | _aDICTADURA | |
| 650 | 4 | _aGOLPES DE ESTADO | |
| 650 | 4 | _aHISTORIA POLITICA | |
| 650 | 4 | _aIMPERIALISMO | |
| 650 | 4 | _aMOVIMIENTOS OBREROS | |
| 650 | 4 | _aPRISIONEROS | |
| 650 | 4 | _aPRISIONES | |
| 650 | 4 | _aREVOLUCION | |
| 650 | 4 | _aSINDICALISMO | |
| 650 | 4 | _aSOCIALISMO | |
| 650 | 4 | _aTRABAJADORES | |
| 653 | _aCINE ARGENTINO | ||
| 653 | _aDOCUMENTALES | ||
| 653 | _aDVD | ||
| 653 | _aTERRORISMO DE ESTADO | ||
| 653 | _aVIDEOS | ||
| 700 | 1 | _aLagar, Laura | |
| 700 | 1 | _aNeri, Omar | |
| 700 | 1 | _aSimoncini, Mónica | |
| 700 | 1 | _aVazquez, Susana | |
| 905 | _a58494 | ||
| 942 | _cDVD | ||
| 999 |
_c54160 _d54160 |
||